1956 1410 1678 1092 1949 1687 1630 1356 1057 1182 1076 1165 1393 1987 1919 1968 1493 1000 1614 1289 1332 1116 1177 1508 1133 1642 1586 1438 1792 1396 1665 1585 1743 1329 1678 1919 1594 1972 1508 1005 1170 1852 1455 1736 1714 1958 1496 1537 1126 1596 1484 1815 1550 1850 1266 1700 1503 1192 1842 1205 1059 1935 1705 1795 1338 1636 1905 1901 1236 1513 1606 1939 1764 1067 1058 1161 1436 1674 1568 1973 1859 1728 1058 1218 1380 1798 1943 1095 1867 1312 1436 1042 1571 1014 1184 1044 1596 1806 1402 BCNSPRNW ULIB Ver.6.0+V

เปลี่ยนเป็นภาษาไทย

Change to English
 แสดงรายละเอียดบรรณานุกรม
  กลับหน้าหลัก

Brief Record : Get Marc (ISO 2709) : E-mail record : QR code < ปิดหน้าต่าง
LEADER : 00000nam 2200000uu 4500
001    13399109674
003     ULIB
008    110408s2549||||th 000 0 tha d
020    9749443012 (เล่ม 1)
060 04 WB935^bม529ม ล.1 2549
100 0  มาศ ไม้ประเสริฐ
245 10 มาดหมอแบบหมอมาศ 1 /^cมาศ ไม้ประเสริฐ ; เรียบเรียงโดย ป๋วยใจไทย
250    พิมพ์ครั้งที่ 1
260    กรุงเทพฯ :^bหมอมาศ,^c2549
300    2 เล่ม :^bภาพประกอบ ;^c23 ซม.
650  7 การรักษาด้วยธรรมชาติ
650  7 โภชนบำบัด
650  7 การดูแลสุขภาพด้วยตนเอง
650  7 การดูแลตนเอง
650  7 สุขภาพ
700 0  ป๋วย ใจไทย
945    ^p350^l0^i021489
995    ทศพร
999 ^a ใช้งานได้ทุกระบบ
รายการนี้ยังไม่มีแท็ก
คุณยังไม่ได้ล็อกอิน คุณสามารถมีกิจกรรมร่วมกับเว็บไซต์ได้ แต่ต้องล็อกอินก่อน ::
  ล็อกอิน

รายการสื่อสารสนเทศ

ลำดับที่ ประเภท เลขเรียก/บาร์โค้ด สถานที่ สถานะ
- ไม่พบข้อมูล -

รายการใกล้เคียง
    ผู้แต่ง [มาศ ไม้ประเสริฐ]

    หัวเรื่อง [การรักษาด้วยธรรมชาติ]
    หัวเรื่อง [โภชนบำบัด]
    หัวเรื่อง [การดูแลสุขภาพด้วยตนเอง]
    หัวเรื่อง [การดูแลตนเอง]
    หัวเรื่อง [สุขภาพ]

BibComment


ยังไม่เคยถูกคอมเมนท์

คอมเมนท์ทรัพยากรรายการนี้
  คอมเมนท์: มาดหมอแบบหมอมาศ 1..


 Copyright 2026. Bcnsprnw @Library